Multiple Intelligences : The Theory in Practice /

Gardner expone su teoría de que en el ser humano existen múltiples capacidades intelectuales independientes, desde la inteligencia musical hasta la implicada en el conocimiento de uno mismo, y habla de la necesidad de educarlas.

Uloženo v:
Podrobná bibliografie
Hlavní autor: Gardner, Howard (autor)
Médium: Kniha
Jazyk:angličtina
Vydáno: Nueva York, EUA : Basic Books, 1993, c1993
Témata:
Tagy: Přidat tag
Žádné tagy, Buďte první, kdo vytvoří štítek k tomuto záznamu!

MARC

LEADER 00000nam^a2200000^a^4500
001 000267163
005 20250521000000.0
009 20260310110814.542
020 |a 0-465-01822-X 
025 |a Donación Anita Nielsen, 1 ejemplar 
037 |a Acervo ITESO - Biblioteca 
041 |a ING 
082 |a 153. 9  |b GAR 
100 |a Gardner, Howard  |e (autor) 
240 1 1 |a [Inteligencias múltiples: la teoría en la práctica] 
245 1 0 |a Multiple Intelligences :  |b The Theory in Practice /  |c H. Gardner. 
264 4 |a Nueva York, EUA :  |b Basic Books,  |c 1993, c1993 
300 |a XVI, 304 p. 
336 |a texto  |b txt  |2 rdacontenido 
337 |a sin mediación  |b n  |2 rdamedio 
338 |a volumen  |b nc  |2 rdasoporte 
520 |a Gardner expone su teoría de que en el ser humano existen múltiples capacidades intelectuales independientes, desde la inteligencia musical hasta la implicada en el conocimiento de uno mismo, y habla de la necesidad de educarlas. 
649 |a XX 
650 |a Inteligencias Múltiples -  |x Tema Principal 
650 |a Inteligencias Múltiples -  |x Teoría 
650 |a Inteligencia 
650 |a Habilidades de Pensamiento 
650 |a Desarrollo Cognoscitivo 
650 |a Psicología Cognitiva 
650 |a Psicología Educativa 
650 |a Psicología Evolutiva 
910 |a Fondo General 
920 |a Impresos - Libros 
930 |a Colección General 
905 |a 101 
901 |a 0500150698  |b IT1  |c ACC  |i D  |u 20250521 
902 |a https://opac.biblio.iteso.mx/vufind/Record/000267163